South Eastern Kenya University

Library Online Public Access Catalogue


The psychology of lean improvements (Record no. 7122)

MARC details
000 -LEADER
fixed length control field 01439cam a22003614a 4500
001 - CONTROL NUMBER
control field 9500584
003 - CONTROL NUMBER IDENTIFIER
control field OSt
005 - DATE AND TIME OF LATEST TRANSACTION
control field 20150724152936.0
006 - FIXED-LENGTH DATA ELEMENTS--ADDITIONAL MATERIAL CHARACTERISTICS
fixed length control field m d
007 - PHYSICAL DESCRIPTION FIXED FIELD--GENERAL INFORMATION
fixed length control field cr n
008 - FIXED-LENGTH DATA ELEMENTS--GENERAL INFORMATION
fixed length control field 120507s2012 flua s 001 0 eng d
020 ## - INTERNATIONAL STANDARD BOOK NUMBER
International Standard Book Number 9781439878798 (hardcover : alk. paper)
020 ## - INTERNATIONAL STANDARD BOOK NUMBER
International Standard Book Number 143987879X (hardcover : alk. paper)
035 ## - SYSTEM CONTROL NUMBER
System control number (WaSeSS)ssj0000640182
040 ## - CATALOGING SOURCE
Original cataloging agency SEKU
Language of cataloging eng
042 ## - AUTHENTICATION CODE
Authentication code pcc
050 #4 - LIBRARY OF CONGRESS CALL NUMBER
Classification number HD58.8
Item number .O78 2012
082 00 - DEWEY DECIMAL CLASSIFICATION NUMBER
Classification number 658.5/03
Edition number 23
100 1# - MAIN ENTRY--PERSONAL NAME
Personal name Ortiz, Chris A.
210 10 - ABBREVIATED TITLE
Abbreviated title The psychology of lean improvements
245 14 - TITLE STATEMENT
Title The psychology of lean improvements
Medium [electronic resource] :
Remainder of title why organizations must overcome resistance and change the culture /
Statement of responsibility, etc. Chris A. Ortiz.
260 ## - PUBLICATION, DISTRIBUTION, ETC. (IMPRINT)
Place of publication, distribution, etc. Boca Raton, FL :
Name of publisher, distributor, etc. CRC Press,
Date of publication, distribution, etc. c2012.
500 ## - GENERAL NOTE
General note Includes index.
504 ## - BIBLIOGRAPHY, ETC. NOTE
Bibliography, etc Includes bibliographical references and index.
505 0# - FORMATTED CONTENTS NOTE
Formatted contents note The psychology of change -- Leading the lean journey -- The psychology of waste -- The psychology of dysfunction -- Making change happen with 5S -- Making change happen with Lean -- Keeping the Lean fire going.
506 ## - RESTRICTIONS ON ACCESS NOTE
Terms governing access License restrictions may limit access.
650 #0 - SUBJECT ADDED ENTRY--TOPICAL TERM
Topical term or geographic name as entry element Organizational change.
650 #0 - SUBJECT ADDED ENTRY--TOPICAL TERM
Topical term or geographic name as entry element Lean manufacturing.
773 #0 - HOST ITEM ENTRY
Title ENGnetBASE
856 40 - ELECTRONIC LOCATION AND ACCESS
Uniform Resource Identifier <a href="http://www.columbia.edu/cgi-bin/cul/resolve?clio9500584">http://www.columbia.edu/cgi-bin/cul/resolve?clio9500584</a>
Public note Full text available from ENGnetBASE
910 ## - USER-OPTION DATA (OCLC)
User-option data Library of Congress record
942 ## - ADDED ENTRY ELEMENTS (KOHA)
Source of classification or shelving scheme Library of Congress Classification
Koha item type General circulation
Holdings
Withdrawn status Lost status Source of classification or shelving scheme Damaged status Not for loan Home library Current library Shelving location Date acquired Source of acquisition Total Checkouts Full call number Barcode Date last seen Price effective from Koha item type Public note
    Library of Congress Classification     Main Campus Library Main Campus Library General Stacks 24/07/2015 donation-from books for africa   HD58.8 .O78 2012 2015/004728 24/07/2015 24/07/2015 General circulation amm
Kitui, Kenya.
+254736116989
library@seku.ac.ke